000 00834nmc a2200301 a 4500
003 AR-BaBNM
005 20251128205515.0
008 011101s1988 ||||||||||||||000 | spa||
020 _a84-86587-24-7
040 _cAR-BaBNM
100 1 _aGonzález García, Isaac
245 1 0 _aUna didáctica de la historia
250 _a1ª ed.
260 _aMadrid
_bEdiciones de la Torre
_c1988
300 0 _a142 p.
_bil.
490 0 _aProyecto didáctico Quirón
_vv. 9
504 _aBibliografía: p. 135-142
650 4 _aENSENANZA DE LA HISTORIA
650 4 _aOBJETIVOS COGNOSCITIVOS
650 4 _aTECNICAS DE ENSENANZA
650 4 _aHISTORIA EUROPEA
650 4 _aHISTORIA BIZANTINA
650 4 _aHISTORIA SOCIAL
650 4 _aMATERIAL DIDACTICO
700 1 _aDíaz, Carlos
_eprologuista
942 _cBK
998 _cSILVI
999 _c11675
_d11675